000 01046 a2200205 4500
020 _a0-521-25445-0
082 _a536.7
090 _c1795
_d1795
100 _aAdkins, C. J.
245 _aEqualibrium Thermodynamics
_cC. J. Adkins
250 _aThird Edition
260 _aNew York
_bCambridge University Press
_c1983
300 _axiii, 285
942 _aSNS
_cBK
_k536.7 ADK
999 _c30401
_d30401